Model slovenského hospodárskeho cyklu

Parametre jednoduchého modelu reálneho hospodárskeho cyklu malej otvorenej ekonomiky. Momenty cyklických zložiek agregátov viac vyhovujú teoretickému modelu, ak uvažujeme produkčnú funkciu v tvare CES.

Na minha lista:
Detalhes bibliográficos
Autor principal: Szomolányi, Karol, 1976-
Formato: Capítulo de Livro
Idioma:eslovaco
Assuntos:
Tags: Adicionar Tag
Sem tags, seja o primeiro a adicionar uma tag!

MARC

LEADER 00000nla a2200000 4500
001 0180535
005 20240502073058.9
041 0 |a slo 
044 |a SK 
245 1 0 |a Model slovenského hospodárskeho cyklu  |c Karol Szomolányi 
520 |a Parametre jednoduchého modelu reálneho hospodárskeho cyklu malej otvorenej ekonomiky. Momenty cyklických zložiek agregátov viac vyhovujú teoretickému modelu, ak uvažujeme produkčnú funkciu v tvare CES. 
610 2 0 |a cykly hospodárske 
610 2 0 |a modely rastu agregátne 
610 2 0 |a modely stochastické 
610 2 0 |a funkcie produkčné 
610 2 0 |a hospodárstvo otvorené 
100 1 |a Szomolányi, Karol, 1976-